00527nam a2200145 4500245005300000100002100053260005900074300002400133490002900157020001500186082001900201650002700220952011700247999001700364 aAromatic heterocyclic chemistrycDavid T. Davies aDavies, David T. aOxfordbOxford University Pressc1994 [reprinted 1994] a[4], 88p.; 24 cm.-- aOxford chemistry primers a0198556608 aCBb547.59 DAV aHeterocyclic chemistry 00102ddc40708PHSCaNEHUbNEHUcCBd2011-11-24l0oCB 547.59 DAVp169631r2011-11-24 00:00:00w2011-11-24yCB c55065d55065